000 006460000a22002170004500
003 LK-CoMWRAF
005 20231027123337.0
008 230817t1995 ||||| |||| 00| 0 eng d
020 _a1857283082
040 _aLK-CoMWRAF
_dLK-CoMWRAF
_eLK-CoMWRAF
041 _aeng
082 _a331.4
_bSTO
100 _aStockman, Norman
245 _aWomen's Work in East and West:
_bThe Dual Burden of Employment and Family Life
260 _aLondon:
_bUCL Press Ltd,
_c1995
300 _axiii, 232 p. : ill. ; 23 cm.
_bBibliography and index included
650 _aWOMEN-Employment
700 _aBonney, Norman,
700 _aSheng, Xuewen
942 _cBK
999 _c93
_d93